<?xml version="1.0" encoding="UTF-8"?>
<record
    xmlns:xsi="http://www.w3.org/2001/XMLSchema-instance"
    xsi:schemaLocation="http://www.loc.gov/MARC21/slim http://www.loc.gov/standards/marcxml/schema/MARC21slim.xsd"
    xmlns="http://www.loc.gov/MARC21/slim">

  <leader>00821nam a22002295a 4500</leader>
  <controlfield tag="005">20160321154734.0</controlfield>
  <controlfield tag="008">160321t2009    ii a   frb    000 0 eng d</controlfield>
  <datafield tag="020" ind1=" " ind2=" ">
    <subfield code="a">9788172335526</subfield>
  </datafield>
  <datafield tag="040" ind1=" " ind2=" ">
    <subfield code="a">EG-ScBUE</subfield>
    <subfield code="b">eng</subfield>
    <subfield code="c">EG-ScBUE</subfield>
  </datafield>
  <datafield tag="082" ind1="0" ind2="4">
    <subfield code="a">615.321</subfield>
    <subfield code="b">AMR</subfield>
    <subfield code="2">22</subfield>
  </datafield>
  <datafield tag="100" ind1="0" ind2=" ">
    <subfield code="a">Amritpal Singh,</subfield>
    <subfield code="d">1971-</subfield>
    <subfield code="9">39615</subfield>
  </datafield>
  <datafield tag="245" ind1="1" ind2="0">
    <subfield code="a">Handbook of phytopharmacology :</subfield>
    <subfield code="b">with scientific monograph of Hypericum perforatum L. /</subfield>
    <subfield code="c">Amritpal Singh Saroya.</subfield>
  </datafield>
  <datafield tag="260" ind1=" " ind2=" ">
    <subfield code="a">Jodhpur :</subfield>
    <subfield code="b">Scientific Publishers (India),</subfield>
    <subfield code="c">c.2009.</subfield>
  </datafield>
  <datafield tag="300" ind1=" " ind2=" ">
    <subfield code="a">vii, 264 p. :</subfield>
    <subfield code="b">ill. ;</subfield>
    <subfield code="c">22 cm.</subfield>
  </datafield>
  <datafield tag="500" ind1=" " ind2=" ">
    <subfield code="a">With Scientific Monograph of Hypericum perforatum L.</subfield>
  </datafield>
  <datafield tag="650" ind1=" " ind2="7">
    <subfield code="a">Pharmacognosy.</subfield>
    <subfield code="2">BUEsh</subfield>
    <subfield code="9">39550</subfield>
  </datafield>
  <datafield tag="650" ind1=" " ind2="7">
    <subfield code="a">Materia medica, Vegetable.</subfield>
    <subfield code="2">BUEsh</subfield>
    <subfield code="9">39011</subfield>
  </datafield>
  <datafield tag="650" ind1=" " ind2="0">
    <subfield code="a">Medicinal plants.</subfield>
    <subfield code="2">BUEsh</subfield>
    <subfield code="9">35678</subfield>
  </datafield>
  <datafield tag="651" ind1=" " ind2=" ">
    <subfield code="2">BUEsh</subfield>
  </datafield>
  <datafield tag="653" ind1=" " ind2=" ">
    <subfield code="b">PPhrm</subfield>
    <subfield code="c">March2016</subfield>
  </datafield>
  <datafield tag="942" ind1=" " ind2=" ">
    <subfield code="2">ddc</subfield>
  </datafield>
  <datafield tag="999" ind1=" " ind2=" ">
    <subfield code="c">21465</subfield>
    <subfield code="d">21437</subfield>
  </datafield>
  <datafield tag="952" ind1=" " ind2=" ">
    <subfield code="0">0</subfield>
    <subfield code="1">0</subfield>
    <subfield code="2">ddc</subfield>
    <subfield code="4">0</subfield>
    <subfield code="7">0</subfield>
    <subfield code="8">Scien. H.</subfield>
    <subfield code="a">MAIN</subfield>
    <subfield code="b">MAIN</subfield>
    <subfield code="c">1ST</subfield>
    <subfield code="d">2016-03-21</subfield>
    <subfield code="e">Purchase</subfield>
    <subfield code="g">365.00</subfield>
    <subfield code="h">1</subfield>
    <subfield code="l">1</subfield>
    <subfield code="o">615.321 AMR</subfield>
    <subfield code="p">000032128</subfield>
    <subfield code="q">2017-03-14</subfield>
    <subfield code="r">2017-02-12 00:00:00</subfield>
    <subfield code="s">2017-02-12</subfield>
    <subfield code="v">456.25</subfield>
    <subfield code="y">BB</subfield>
  </datafield>
</record>
